Star Trek Films and Series - Statistics

General Stats
  • This quiz has been taken 60 times
  • The average score is 15 of 19
Answer Stats
Year(s) Film/Series % Correct
2009 Star Trek
93%
1982 Star Trek II: The Wrath of Khan
93%
1993-99 Deep Space Nine
89%
1987-94 The Next Generation
89%
1995-01 Voyager
87%
1984 Star Trek III: The Search for Spock
85%
2013 Star Trek Into Darkness
85%
1986 Star Trek IV: The Voyage Home
80%
1994 Star Trek Generations
78%
1991 Star Trek VI: The Undiscovered Country
78%
2001-05 Enterprise
76%
1979 Star Trek: The Motion Picture
76%
1996 Star Trek: First Contact
72%
1998 Star Trek: Insurrection
72%
1966-69 The Original Series
72%
2002 Star Trek: Nemesis
70%
1989 Star Trek V: The Final Frontier
65%
2016 Star Trek Beyond
52%
1973-74 The Animated Series
52%
No matching quizzes found
Score Distribution
Percent of People with Each Score
Percentile by Number Answered
Your Score History
You have not taken this quiz